Hell's Comin' With Me Lyrics - Statistics

General Stats
  • This quiz has been taken 20 times
  • The average score is 41 of 44
Answer Stats
Lyrics % Correct
And {hell's} coming with me
100%
And I am the {devil} that you forgot
100%
And if you listen real close, you can hear 'em like a {ghost}
100%
And it is well with my {soul}
100%
And it is well with my {soul}
100%
And I told you, one {day}, you will see
100%
And then they all fell to their {knees}
100%
And you're never gonna make it out {alive}
100%
But he'll come back to {burn} that town to the ground
100%
First, there was fire, then there was {smoke}
100%
He had promised he was coming back to {town} (coming back to {town})
100%
{Hell's coming} ({hell's coming}) with me
100%
Hell's coming {with me}
100%
I am the righteous hand of {God}
100%
That I'll be back, I {guarantee}
100%
That you steal from the {poor}
100%
That you {steal} from the poor
100%
Then the preacher man was hanging by a {rope}
100%
There is a hill at the bottom of the {valley}
100%
Where all the {poor} souls go when the die
100%
You line your pockets full of {money}
100%
You line your {pockets} full of money
100%
And I {say}
92%
And on your way down that {hill}
92%
And that {hell's} coming, hell's {coming}
92%
Hell, {hell's coming with me}
92%
He said "I'll be back when you {least} expect it
92%
I'd pay the {devil} twice as much to keep your soul
92%
You hear me {ringing} that bell
92%
You hear me ring the {bell}
92%
You'll be heading up that hill to the {grave}
92%
And {begged} that drifter, begged him please
83%
As he raised his {fist} before he spoke
83%
They all laughed as he turned around {slow}
83%
They didn't know him by his face or by the {gun} around his waist
83%
They got a secret that keep like a {slave}
83%
We'd do well to let him teach {her}
83%
You just might as well {go}"
83%
And on your {way down} the hill
75%
He wiped the {blood} from his face as he slowly came to his knees
75%
There is a {town} at the bottom of that hill
75%
There was a {drifter} passing through that little valley
75%
They got a black {magic} preacher
75%
They said "{You ain't welcome} 'round here anymore
75%
No matching quizzes found
Score Distribution
Percent of People with Each Score
Percentile by Number Answered
Your Score History
You have not taken this quiz